Bản đồ hành chính Việt Nam tỷ lệ 1: 1 000 000

Saved in:
Bibliographic Details
Format: Book
Language:Undetermined
Published: Hà Nội Tài nguyên Môi trường và Bản đồ Việt Nam 2005
Subjects:
Tags: Add Tag
No Tags, Be the first to tag this record!
Institutions: Trung tâm Học liệu Trường Đại học Cần Thơ
LEADER 00597nam a2200181Ia 4500
001 CTU_185503
008 210402s9999 xx 000 0 und d
020 |c 1650000 
082 |a 912.597 
082 |b B105 
245 0 |a Bản đồ hành chính Việt Nam tỷ lệ 1: 1 000 000 
245 0 |c Tài nguyên Môi trường và Bản đồ Việt Nam 
260 |a Hà Nội 
260 |b Tài nguyên Môi trường và Bản đồ Việt Nam 
260 |c 2005 
650 |a Vietnam 
904 |i Hải 
980 |a Trung tâm Học liệu Trường Đại học Cần Thơ